VGC Construction Ltd v Jackson Civil Engineering Ltd (Record no. 80859)

MARC details
000 -LEADER
fixed length control field 01963cad a22002175a 4500
001 - CONTROL NUMBER
control field L145536
008 - FIXED-LENGTH DATA ELEMENTS--GENERAL INFORMATION
fixed length control field 081020e20080815xxk f v 000 0 eng d
035 ## - SYSTEM CONTROL NUMBER
System control number (Sirsi) u145536
041 0# - LANGUAGE CODE
Language code of text/sound track or separate title eng
245 00 - TITLE STATEMENT
Title VGC Construction Ltd v Jackson Civil Engineering Ltd
Medium [electronic resource]
260 ## - PUBLICATION, DISTRIBUTION, ETC.
Date of publication, distribution, etc. 2008
520 ## - SUMMARY, ETC.
Summary, etc. [2008] EWHC 2082 (TCC), 15 August 2008. Discusses whether a sub-contractor's claim for payment, with an item for delay and disruption, was nebulous or ill-defined and whether the adjudicator had jurisdiction to deal with it. VGC Construction Ltd (V) was employed by Jackson Civil Engineering for construction services (J). The contract overran for 26 weeks. (V) decided to submit application for payment, including an amount for delay and disruption. (J) sent a certificate deducting sums he decided to reject. Dispute over payment resulted and the parties resorted to adjudication. The adjudicator decided that (J) had to pay (V) the full amount. (J) ignored the adjudication. (V) made an instant application. Judge had to decide if (V)'s claim was clear enough to avoid dispute. (J) supported that (V)'s claim had no basis and because it was a new claim, the adjudicator could not deal with it. Held: Application granted. The claim was not nebulous and ill-defined. Because of the agreement of the two parties to resolve the dispute through adjudication, the adjudicator had jurisdiction to deal with it.
590 ## - LOCAL NOTE (RLIN)
Local note KA
650 24 - SUBJECT ADDED ENTRY--TOPICAL TERM
Topical term or geographic name entry element CARILLION CONSTRUCTION LTD V DEVONPORT ROYAL DOCKYARD LTD
650 24 - SUBJECT ADDED ENTRY--TOPICAL TERM
Topical term or geographic name entry element AMEC CIVIL ENGINEERING LTD V SOS TRANSPORT
650 24 - SUBJECT ADDED ENTRY--TOPICAL TERM
Topical term or geographic name entry element CRUDEN CONSTRUCTION LTD V NEW TOWNS COMMISSION
651 #4 - SUBJECT ADDED ENTRY--GEOGRAPHIC NAME
Geographic name England and Wales
Chronological subdivision 1543-
690 ## - LOCAL SUBJECT ADDED ENTRY--TOPICAL TERM (OCLC, RLIN)
Topical term or geographic name as entry element MANAGEMENT-DISPUTE AVOIDANCE, MANAGEMENT AND RESOLUTION-DISPUTE MANAGEMENT AND RESOLUTION-ALTERNATIVE DISPUTE RESOLUTION-ADJUDICATION
856 40 - ELECTRONIC LOCATION AND ACCESS
Uniform Resource Identifier <a href="https://www.bailii.org/ew/cases/EWHC/TCC/2008/730.html lzView the case free of charge at www.bailli.org...">https://www.bailii.org/ew/cases/EWHC/TCC/2008/730.html lzView the case free of charge at www.bailli.org...</a>
942 ## - ADDED ENTRY ELEMENTS (KOHA)
Suppress in OPAC 0
Holdings
Withdrawn status Lost status Source of classification or shelving scheme Damaged status Not for loan Home library Current library Shelving location Date acquired Total Checkouts Full call number Barcode Date last seen Copy number Price effective from Koha item type
    Dewey Decimal Classification     Virtual Virtual Online 20/10/2008   ONLINE PUBLICATION 145536-2001 06/08/2019 1 06/08/2019 Law report